000 00821nam a2200265 i 4500
001 124446
003 ES-MaACL
007 t|
008 070327s1928 sp ||||1| spa d
080 _a336.717(100)
080 _a347.735(100)
100 1 _aLexis, Wilhelm.
_972084
245 1 3 _aEl crédito y la banca /
_cWilhelm Lexis ; traducción por Manuel Sánchez Sarto y Miguel López de Gera.
250 _a2ª ed.
260 _aBarcelona :
_bLabor,
_c[1928]
300 _a200 p., IV lám. en col. :
_bil. ;
_c17 cm.
490 1 _aColección Labor ;
_v185
650 1 4 _aCrédito.
_911409
650 1 4 _aBancos.
_910484
700 1 _aSánchez Sarto, Manuel.
_9102931
700 1 _aLópez de Gera, Miguel.
_973540
830 0 0 _aColección Labor
_v185
_9184254
852 _aES-MaACL
_jE-2704
999 _c124446
_d124446